000 00627nam a2200241Ia 4500
003 OSt
005 20221005114005.0
006 a|||||r|||| 00| 0
007 ta
008 221004b |||||||| |||| 00| 0 tam d
024 _a7681
037 _cTextual
040 _aCRL
_cCRL
_btam
041 _2tam
_atam
082 _aO31,3NAR2w, P3
100 _aAravendan R.
_9625282
245 0 _aAmbhavangal pesukisrah = Aravaanana's experiences speak
260 _c2003
300 _a232
_ccm.
650 _aTAMIL FICTION
942 _hO31,3NAR2w, P3
_cTEXL
_2cc
999 _c1029956
_d1029956